Statistics for Liverpool 2017/18 Squad

Click here to take the quiz!

General Stats

  • This quiz has been taken 118 times
  • The average score is 18 of 27

Answer Stats

Jersey #NationalityPositionPlayer Name% Correct
11EgyptRWMohamed Salah
95%
9BrazilSTRoberto Firmino
95%
19SenegalLWSadio Mané
94%
1GermanyGKLoris Karius
89%
14EnglandCDMJordan Henderson
86%
10BrazilCAMPhilippe Coutinho
84%
5NetherlandsCMGeorginio Wijnaldum
82%
7EnglandCMJames Milner
82%
6CroatiaCBDejan Lovren
81%
15EnglandSTDaniel Sturridge
76%
22BelgiumGKSimon Mignolet
76%
18SpainLBAlberto Moreno
75%
32CameroonCBJoël Matip
75%
2EnglandRBNathaniel Clyne
74%
26ScotlandLBAndrew Robertson
72%
23GermanyCDMEmre Can
70%
20EnglandCMAdam Lallana
60%
17EstoniaCBRagnar Klavan
59%
21EnglandRMAlex Oxlade-Chamberlain
55%
16SerbiaCMMarko Grujić
49%
50SerbiaRWLazar Marković
47%
58WalesLWBen Woodburn
38%
29EnglandCFDominic Solanke
37%
28EnglandCFDanny Ings
35%
34HungaryGKÁdám Bogdán
33%
52WalesGKDanny Ward
32%
38EnglandRBJon Flanagan
19%

Score Distribution

Percentile by Number Answered

Percent of People with Each Score

Your Score History

You have not taken this quiz